Calciatori di Serie A Che Valgono Di Più - Statistics

Statistiche generali
  • Questo quiz è stato fatto 1.957 volte
    569 dall'ultimo reset
  • Il punteggio medio è 18 su 35
Statistiche sulle risposte
# Squadra Valore Età Giocatore % Corretto
1 Inter 110,00mln 27 Martínez
98%
3 Inter 80,00mln 27 Barella
91%
4 Milan 75,00mln 25 Leão
90%
6 Inter 65,00mln 27 Thuram
87%
22 Juventus 35,00mln 23 Thuram
87%
5 Inter 70,00mln 25 Bastoni
85%
7 Juventus 65,00mln 24 Vlahović
83%
13 Inter 50,00mln 27 Dimarco
71%
19 Atalanta 40,00mln 27 Lookman
68%
8 Juventus 60,00mln 27 Bremer
67%
9 Milan 60,00mln 27 Hernández
65%
17 Juventus 40,00mln 19 Yıldız
65%
34 Napoli 30,00mln 31 Lukaku
63%
20 Milan 38,00mln 29 Maignan
60%
12 Milan 50,00mln 26 Pulisic
58%
11 Juventus 55,00mln 26 Koopmeiners
54%
2 Napoli 80,00mln 23 Kvaratskhelia
53%
14 Inter 45,00mln 30 Çalhanoğlu
52%
29 Napoli 32,00mln 28 McTominay
47%
35 Milan 30,00mln 26 Reijnders
44%
28 Milan 32,00mln 26 Tomori
41%
25 Napoli 35,00mln 25 Buongiorno
39%
23 Inter 35,00mln 25 Frattesi
39%
21 Atalanta 35,00mln 25 Scamacca
37%
31 Juventus 30,00mln 24 Cambiaso
36%
10 Juventus 55,00mln 26 Douglas Luiz
36%
18 Atalanta 40,00mln 25 Éderson
34%
24 Juventus 35,00mln 26 González
34%
16 Atalanta 45,00mln 21 Scalvini
32%
27 Atalanta 34,00mln 23 De Ketelaere
31%
26 Roma 35,00mln 27 Dovbyk
29%
15 Inter 45,00mln 28 Pavard
29%
33 Milan 30,00mln 25 Fofana
23%
32 Fiorentina 30,00mln 27 Gudmundsson
14%
30 Atalanta 30,00mln 23 Kossounou
4%
Nessun quiz corrispondente trovato
Distribuzione punteggi
Percentuale di utenti per punteggio
Percentile per numero di risposta
I tuoi punteggi nel tempo
Non hai fatto questo quiz dall'ultimo reset